书目信息 |
| 题名: |
战云笼罩巴格达
|
|
| 作者: | 石岳文 著 | |
| 分册: | ||
| 出版信息: | 北京 世界知识出版社 2003 |
|
| 页数: | 12,290页 | |
| 开本: | 21cm | |
| 丛书名: | ||
| 单 册: | ||
| 中图分类: | I253.1 | |
| 科图分类: | ||
| 主题词: | 新闻报道--中国--现代 , 伊拉克战争(2003)--史料 , 新闻报道 | |
| 电子资源: | ||
| ISBN: | 7-5012-1733-5 | |
| 000 | 01094cam0 2200277 450 | |
| 001 | 012005027063 | |
| 005 | 20051117102454.72 | |
| 010 | @a7-5012-1733-5@dCNY16.00 | |
| 100 | @a20050716e2003 em y0chiy0121 ea | |
| 101 | 0 | @achi |
| 102 | @aCN@b110000 | |
| 105 | @af z 000zd | |
| 200 | 1 | @a战云笼罩巴格达@Azhan yun long zhao ba ge da@e《环球时报》驻伊拉克特约记者现场报道@f石岳文著 |
| 210 | @a北京@c世界知识出版社@d2003@h2003 | |
| 215 | @a12,290页@c图@d21cm | |
| 330 | @a本书是作者利用给人民日报所属的《环球时报》作驻伊拉克特约记者的机会,细心收集了大量第一手资料,深入地观察当地社会,仔细分析萨达姆总统的性格特征,研究它为解除制裁、改善人民生活与美国展开英勇斗争的历史等内容。 | |
| 517 | 1 | @a《环球时报》驻伊拉克特约记者现场报道@A《 huan qiu shi bao》 zhu yi la ke te yue ji zhe xian chang bao dao |
| 606 | 0 | @a新闻报道@y中国@z现代 |
| 606 | 0 | @a伊拉克战争(2003)@j史料 |
| 606 | 0 | @a新闻报道 |
| 610 | 0 | @a伊拉克战争(2003) |
| 690 | @aI253.1@v4 | |
| 701 | 0 | @a石岳文@Ashi yue wen@4著 |
| 801 | 0 | @aCN@bSRXX@c20051117 |
| 801 | 2 | @aCN@bSRXX@c20051021 |
| 905 | @a10447@dI253.1@eS546 | |
| 战云笼罩巴格达:《环球时报》驻伊拉克特约记者现场报道/石岳文著.-北京:世界知识出版社,2003(2003) |
| 12,290页:图;21cm |
| ISBN 7-5012-1733-5:CNY16.00 |
| 本书是作者利用给人民日报所属的《环球时报》作驻伊拉克特约记者的机会,细心收集了大量第一手资料,深入地观察当地社会,仔细分析萨达姆总统的性格特征,研究它为解除制裁、改善人民生活与美国展开英勇斗争的历史等内容。 |
| ● |
| 相关链接 |
|
|
|
正题名:战云笼罩巴格达
索取号:I253.1/S546
 
预约/预借
| 序号 | 登录号 | 条形码 | 馆藏地/架位号 | 状态 | 备注 |
| 1 | 542586 | 205425869 | 文学库108/108文学库 67排8列5层/ [索取号:I253.1/S546] | 在馆 | |
| 2 | 542587 | 205425878 | 社科二线400B/400B社科库 24排1列6层/ [索取号:I253.1/S546] | 在馆 | |
| 3 | 542588 | 205425887 | 文学库108/108文学库 67排8列5层/ [索取号:I253.1/S546] | 在馆 |